Cinéma - Films en images - Les extraterrestres - Statistiques

Statistiques générales
  • Ce quiz a été pris 263 fois
  • Le résultat moyen est 9 sur 28
Statistiques - réponses
Par images Réponse % Correct
E.T.
100%
Alien
93%
La soupe aux choux
85%
Mars attacks!
79%
Predator
73%
Paul
51%
Men in black
48%
Avengers
40%
Le cinquième élément
40%
Pacific rim
34%
Premier contact
32%
Edge of tomorrow
26%
Starship troopers
25%
The thing
23%
District 9
20%
John Carter
19%
Signes
19%
Independence day
18%
Invasion Los Angeles
13%
Le blob
13%
Sans un bruit
11%
Critters
9%
Life
7%
The faculty
4%
Attack the block
3%
J'ai épousé une extra-terrestre
3%
The hidden
3%
Cowboys et envahisseurs
0%
Aucun quiz correspondant
Distribution des résultats
% des personnes avec chaque résultat
Percentile par nombre de réponses
Votre historique - résultats
Vous n’avez pas pris ce quiz